000 00480nam a2200181Ia 4500
001 20113
005 20260306172742.0
008 260306t2003||||xx |||||||||||||| ||spa||
041 _aESP
082 _a342.211
_bV63
100 _aVidal Ramírez, Fernando [1934-...]
_eAUT
245 0 _aDel lus romano a los derechos humanos en la convención americana
260 _c2003
300 _a113 páginas :
_c20 cm.
650 _aGEN
654 _aCDE
942 _cLIB
_dJUS
_fJUS
_2ddc
_n
999 _c20113
_d20113